A HISTORY OF GOD (Record no. 2766)

MARC details
000 -LEADER
fixed length control field 00320nam a2200145Ia 4500
008 - FIXED-LENGTH DATA ELEMENTS--GENERAL INFORMATION
fixed length control field 230312s9999||||xx |||||||||||||| ||und||
020 ## - INTERNATIONAL STANDARD BOOK NUMBER
International Standard Book Number 0-07-927367-5
082 ## - DEWEY DECIMAL CLASSIFICATION NUMBER
Classification number 291.211
Item number ARM-H
100 ## - MAIN ENTRY--PERSONAL NAME
Personal name Armstrong, Karen
245 #2 - TITLE STATEMENT
Title A HISTORY OF GOD
300 ## - PHYSICAL DESCRIPTION
Extent 511
546 ## - LANGUAGE NOTE
Language note Eng.
650 ## - SUBJECT ADDED ENTRY--TOPICAL TERM
Topical term or geographic name entry element Literature
942 ## - ADDED ENTRY ELEMENTS (KOHA)
Koha item type BOOK

No items available.

Powered by Koha